Análisis financieros, costos y presupuestos / (Registro nro. 15126)
[ vista simple ]
| 000 -LEADER | |
|---|---|
| fixed length control field | 01198nam a2200241Ia 4500 |
| 003 - CONTROL NUMBER IDENTIFIER | |
| control field | OSt |
| 005 - DATE AND TIME OF LATEST TRANSACTION | |
| control field | 20221213101824.0 |
| 008 - FIXED-LENGTH DATA ELEMENTS--GENERAL INFORMATION | |
| fixed length control field | 210310s1978 ck gr 000 0 spa d |
| 040 ## - CATALOGING SOURCE | |
| Original cataloging agency | CO-JMCR |
| Transcribing agency | CO-JMCR |
| 041 0# - LANGUAGE CODE | |
| Language code of text/sound track or separate title | spa |
| 082 04 - DEWEY DECIMAL CLASSIFICATION NUMBER | |
| Edition number | 23 |
| Classification number | 657.42 / |
| Item number | G215a |
| 100 1# - MAIN ENTRY--PERSONAL NAME | |
| Personal name | Garcia Rojas, Bianor, |
| 9 (RLIN) | 35389 |
| Relator term | autor |
| 245 10 - TITLE STATEMENT | |
| Title | Análisis financieros, costos y presupuestos / |
| Statement of responsibility, etc. | Bianor García Rojas |
| 250 ## - EDITION STATEMENT | |
| Edition statement | Primera edición |
| 260 ## - PUBLICATION, DISTRIBUTION, ETC. | |
| Place of publication, distribution, etc. | Bogotá : |
| Name of publisher, distributor, etc. | Ediciones Universidades Simón Bolívar, Libre de Pereira y de Medellín, |
| Date of publication, distribution, etc. | 1978 |
| 300 ## - PHYSICAL DESCRIPTION | |
| Extent | 118 páginas ; |
| Dimensions | 17 cm |
| 490 0# - SERIES STATEMENT | |
| Series statement | Universidad y pueblo ; |
| Volume/sequential designation | 29 |
| 504 ## - BIBLIOGRAPHY, ETC. NOTE | |
| Bibliography, etc. note | Bibliografía: páginas 117-118 |
| 505 0# - FORMATTED CONTENTS NOTE | |
| Formatted contents note | Definición, elementos y sistemas de contabilidad de costos -- Los costos en los presupuestos por programas -- Los esquemas de costos para el sector público -- La contabilidad de costos y la medición de resultados físicos -- Centros de concentración de gastos -- Características de la contabilidad de costos en unidades de programación simples -- El sistema de costeo directo -- Aspectos sobre análisis de estados financieros |
| 650 14 - SUBJECT ADDED ENTRY--TOPICAL TERM | |
| Topical term or geographic name entry element | Contabilidad de costos |
| 9 (RLIN) | 35391 |
| 650 24 - SUBJECT ADDED ENTRY--TOPICAL TERM | |
| Topical term or geographic name entry element | Finanzas |
| 942 ## - ADDED ENTRY ELEMENTS (KOHA) | |
| Source of classification or shelving scheme | Dewey Decimal Classification |
| Koha item type | Books |
| Withdrawn status | Lost status | Source of classification or shelving scheme | Damaged status | Not for loan | Home library | Current library | Date acquired | Total Checkouts | Full call number | Barcode | Date last seen | Date last checked out | Copy number | Price effective from | Koha item type |
|---|---|---|---|---|---|---|---|---|---|---|---|---|---|---|---|
| Dewey Decimal Classification | Biblioteca Pública José María del Castillo y Rada | Biblioteca Pública José María del Castillo y Rada | 03/10/2021 | 1 | 657.42 / G215a | 201811741 | 03/06/2025 | 02/11/2025 | Ej.1 | 03/10/2021 | Books |